<?xml version="1.0" encoding="UTF-8"?>
<record
    xmlns:xsi="http://www.w3.org/2001/XMLSchema-instance"
    xsi:schemaLocation="http://www.loc.gov/MARC21/slim http://www.loc.gov/standards/marcxml/schema/MARC21slim.xsd"
    xmlns="http://www.loc.gov/MARC21/slim">

  <leader>00646nam a22001337a 4500</leader>
  <datafield tag="040" ind1=" " ind2=" ">
    <subfield code="c">RUA </subfield>
  </datafield>
  <datafield tag="082" ind1=" " ind2=" ">
    <subfield code="a">AGR OEU 2012 B052 Or.1</subfield>
  </datafield>
  <datafield tag="100" ind1=" " ind2=" ">
    <subfield code="a">OEURN SAMOUL </subfield>
  </datafield>
  <datafield tag="245" ind1=" " ind2=" ">
    <subfield code="a">Pythhium management by using garli in greenhouse condition on tomata,(&#x1780;&#x17B6;&#x179A;&#x1782;&#x17D2;&#x179A;&#x1794;&#x17CB;&#x1782;&#x17D2;&#x179A;&#x1784;&#x1787;&#x17C6;&#x1784;&#x17B9;&#x1797;&#x17B8;&#x179F;&#x17D2;&#x1799;&#x17BC;&#x1798; &#x179B;&#x17BE;&#x178A;&#x17C6;&#x178E;&#x17B6;&#x17C6;&#x1794;&#x17C9;&#x17C1;&#x1784;&#x1794;&#x17C9;&#x17C4;&#x17C7;&#x178A;&#x17C4;&#x1799;&#x1794;&#x17D2;&#x179A;&#x17BE;&#x1781;&#x17D2;&#x1791;&#x17B9;&#x1798;&#x179F; &#x1780;&#x17D2;&#x179A;&#x17C4;&#x1798;&#x179B;&#x1780;&#x17D2;&#x1781;&#x1781;&#x178E;&#x17D2;&#x178C;&#x1795;&#x17D2;&#x1791;&#x17C7;&#x1780;&#x1789;&#x17D2;&#x1785;&#x1780;&#x17CB;)</subfield>
  </datafield>
  <datafield tag="260" ind1=" " ind2=" ">
    <subfield code="a">phnom penh </subfield>
    <subfield code="b">RUA </subfield>
    <subfield code="c">2012</subfield>
  </datafield>
  <datafield tag="300" ind1=" " ind2=" ">
    <subfield code="a">xi, 54p. </subfield>
    <subfield code="c">ill.</subfield>
  </datafield>
  <datafield tag="856" ind1=" " ind2=" ">
    <subfield code="u">https://drive.google.com/file/d/1pvY8eGopfa6vt9CZrLJXYL6nAoeTp6S7/view?usp=sharing</subfield>
  </datafield>
  <datafield tag="942" ind1=" " ind2=" ">
    <subfield code="c">AGR</subfield>
  </datafield>
  <datafield tag="999" ind1=" " ind2=" ">
    <subfield code="c">1252</subfield>
    <subfield code="d">1252</subfield>
  </datafield>
  <datafield tag="952" ind1=" " ind2=" ">
    <subfield code="0">0</subfield>
    <subfield code="1">0</subfield>
    <subfield code="2">ddc</subfield>
    <subfield code="4">0</subfield>
    <subfield code="6">AGR_OEU_2012_000000000000000_B052_OR_1</subfield>
    <subfield code="7">0</subfield>
    <subfield code="9">5276</subfield>
    <subfield code="a">LBB</subfield>
    <subfield code="b">LBB</subfield>
    <subfield code="c">B052</subfield>
    <subfield code="d">2015-09-25</subfield>
    <subfield code="l">3</subfield>
    <subfield code="o">AGR OEU 2012 B052 Or.1</subfield>
    <subfield code="p">RUA005759</subfield>
    <subfield code="r">2018-07-14</subfield>
    <subfield code="s">2018-07-06</subfield>
    <subfield code="w">2015-09-25</subfield>
    <subfield code="y">AGR</subfield>
  </datafield>
  <datafield tag="952" ind1=" " ind2=" ">
    <subfield code="0">0</subfield>
    <subfield code="1">0</subfield>
    <subfield code="2">ddc</subfield>
    <subfield code="4">0</subfield>
    <subfield code="6">AGR_OEU_2012_000000000000000_B053_OR_1</subfield>
    <subfield code="7">0</subfield>
    <subfield code="9">6008</subfield>
    <subfield code="a">LBB</subfield>
    <subfield code="b">LBB</subfield>
    <subfield code="c">B053</subfield>
    <subfield code="d">2015-09-28</subfield>
    <subfield code="l">2</subfield>
    <subfield code="o">AGR OEU 2012 B053 Or.1</subfield>
    <subfield code="p">RUA004599</subfield>
    <subfield code="r">2020-01-28</subfield>
    <subfield code="s">2020-01-17</subfield>
    <subfield code="w">2015-09-28</subfield>
    <subfield code="y">AGR</subfield>
  </datafield>
  <datafield tag="952" ind1=" " ind2=" ">
    <subfield code="0">0</subfield>
    <subfield code="1">0</subfield>
    <subfield code="2">ddc</subfield>
    <subfield code="4">0</subfield>
    <subfield code="6">AGR_OEU_2012_000000000000000_B053_OR_2</subfield>
    <subfield code="7">0</subfield>
    <subfield code="9">6009</subfield>
    <subfield code="a">LBB</subfield>
    <subfield code="b">LBB</subfield>
    <subfield code="c">B053</subfield>
    <subfield code="d">2015-09-28</subfield>
    <subfield code="l">3</subfield>
    <subfield code="o">AGR OEU 2012 B053 Or.2</subfield>
    <subfield code="p">RUA005418</subfield>
    <subfield code="r">2019-05-21</subfield>
    <subfield code="s">2019-05-10</subfield>
    <subfield code="w">2015-09-28</subfield>
    <subfield code="y">AGR</subfield>
  </datafield>
</record>
